| 000 | 00445cam a2200181ua 4500 | ||
|---|---|---|---|
| 001 | 1748 | ||
| 008 | 110824n ii |||gr||||Z||||||eng | ||
| 040 | _cMAIN | ||
| 082 | _a339.32 | ||
| 100 | _aAhmed, Rofique, | ||
| 245 | 1 |
_aJatia aai aru kalyan _cby Rofique Ahmed |
|
| 250 | _a2nd. | ||
| 260 |
_aDibrugarh: _bStudents Emporium,998. |
||
| 300 |
_axvi; 590p: _bill; _c23cm. |
||
| 653 | _aEconomic | ||
| 653 | _ajatia aai aru kalyan | ||
| 942 | _cBK | ||
| 999 |
_c1632 _d1632 |
||